A practical guide to information literacy assessment for academic librarians (EBOOK) (Record no. 217274)
[ view plain ]
| 000 -LEADER | |
|---|---|
| fixed length control field | 00565 a2200169 4500 |
| 003 - CONTROL NUMBER IDENTIFIER | |
| control field | Nust |
| 005 - DATE AND TIME OF LATEST TRANSACTION | |
| control field | 20170207171536.0 |
| 020 ## - INTERNATIONAL STANDARD BOOK NUMBER | |
| International Standard Book Number | 9781591583400 |
| 040 ## - CATALOGING SOURCE | |
| Transcribing agency | Nust |
| 082 ## - DEWEY DECIMAL CLASSIFICATION NUMBER | |
| Classification number | 028.7 071 |
| 100 ## - MAIN ENTRY--PERSONAL NAME | |
| Personal name | Radcliff, Carolyn J. |
| 245 ## - TITLE STATEMENT | |
| Title | A practical guide to information literacy assessment for academic librarians (EBOOK) |
| Statement of responsibility, etc. | Carolyn J. Radcliff, Mary Lee Jensen, Joseph A. Salem. |
| 260 ## - PUBLICATION, DISTRIBUTION, ETC. | |
| Place of publication, distribution, etc. | New York |
| Name of publisher, distributor, etc. | Libraries Unlimited |
| Date of publication, distribution, etc. | 2007 |
| 300 ## - PHYSICAL DESCRIPTION | |
| Extent | 196 p. |
| 650 ## - SUBJECT ADDED ENTRY--TOPICAL TERM | |
| Topical term or geographic name entry element | Information literacy—Study and teaching (Higher) |
| 651 ## - SUBJECT ADDED ENTRY--GEOGRAPHIC NAME | |
| Geographic name | Information literacy—Ability testing |
| 942 ## - ADDED ENTRY ELEMENTS (KOHA) | |
| Source of classification or shelving scheme | |
| Koha item type | Book |
| Withdrawn status | Lost status | Source of classification or shelving scheme | Damaged status | Not for loan | Collection code | Permanent Location | Current Location | Date acquired | Total Checkouts | Full call number | Barcode | Date last seen | Price effective from | Koha item type |
|---|---|---|---|---|---|---|---|---|---|---|---|---|---|---|
| Military College of Signals (MCS) | Military College of Signals (MCS) | 12/12/2016 | 028.7 071 RAD | MCSEB-3457 | 12/08/2016 | 12/12/2016 | Book |
